International Human Resource Management/ (Record no. 186921)

MARC details
000 -LEADER
fixed length control field 00661nam a22002057a 4500
005 - DATE AND TIME OF LATEST TRANSACTION
control field 20220323152830.0
010 ## - LCCN (DPL NO)
LC control number ENG-132091
020 ## - INTERNATIONAL STANDARD BOOK NUMBER
International Standard Book Number 9789389538274
Terms of availability 611.00
035 ## - SYSTEM CONTROL NUMBER
System control number EN-115623
037 ## - SOURCE OF ACQUISITION
Source of stock number/acquisition DBAD/PUB
082 ## - DEWEY DECIMAL CLASSIFICATION NUMBER
Classification number 658.3
100 ## - MAIN ENTRY--PERSONAL NAME
Personal name Aswathappa, k
245 ## - TITLE STATEMENT
Title International Human Resource Management/
Statement of responsibility, etc K Aswathappa and Sadhna Dash
250 ## - EDITION STATEMENT
Edition statement 3e Edition
260 ## - PUBLICATION, DISTRIBUTION, ETC. (IMPRINT)
Place of publication, distribution, etc Chennai
Name of publisher, distributor, etc Mc Graw Hill Education Private Limited
Date of publication, distribution, etc 2020
270 ## - ADDRESS
Address 444/1, Sri Ekambara Naicker Industrial Estate, Alpakkam Porur,
City chennai
Postal code 600116
300 ## - PHYSICAL DESCRIPTION
Extent xviii, 400p
Dimensions 22cm(pbk)
700 ## - ADDED ENTRY--PERSONAL NAME
Personal name Dash, Sadhna
942 ## - ADDED ENTRY ELEMENTS (KOHA)
Source of classification or shelving scheme Dewey Decimal Classification
Item type English Books
Call number suffix ASW
Classification part 658.3
Holdings
Withdrawn status Lost status Not for loan Collection code Home library Current library Date acquired Source of acquisition Cost, normal purchase price Full call number Barcode Copy number Cost, replacement price Koha item type
      Non-fiction Central Library Central Library 23/03/2022 DBAD/PUB 611.00 658.3 ASW EN-115623 1 611.00 English Books

© Delhi Public Library
Hit Counter
free hit counter